| 000 | 02106cam a22003734a 4500 | ||
|---|---|---|---|
| 999 |
_c7660 _d7660 |
||
| 001 | 14205393 | ||
| 003 | OSt | ||
| 005 | 20201027161116.0 | ||
| 008 | 051220s2006 nyua b 001 0 eng | ||
| 010 | _a 2005037167 | ||
| 020 | _a9788120332218 | ||
| 020 | _a9780765617804 | ||
| 035 | _a(OCoLC)ocm62789911 | ||
| 035 | _a(OCoLC)62789911 | ||
| 040 |
_aDLC _cDLC _dBAKER _dC#P _dYDXCP _dDLC |
||
| 042 | _apcc | ||
| 050 | 0 | 0 |
_aHF1379 _b.K43 2006 |
| 082 | 0 | 0 |
_a658.049 _222 _bAJA/I |
| 100 |
_91442 _aAjami, Riad A |
||
| 245 | 0 | 0 |
_aInternational business : _btheory and practice / _cRiad A. Ajami |
| 250 | _a2nd ed. | ||
| 260 |
_aArmonk, N.Y. : _bM.E. Sharpe, _cc2006. |
||
| 300 |
_axxviii, 548 p. : _bill. ; _c25 cm. |
||
| 500 | _aPrev. ed. entered under Dara Khambata. | ||
| 504 | _aIncludes bibliographical references and index. | ||
| 505 | 0 | _aAn introduction to international business and multinational corporations -- The nature of international business -- Theories of trade and economic development -- International monetary system and balance of payments -- Foreign exchange markets -- Supranational organizations and international institutions -- Analyzing national economies -- International law -- Sociocultural factors -- Foreign investment : researching risk -- International marketing -- International finance -- International accounting -- International taxation -- International staffing and labor issues -- Managing operations and technology -- Ethical concerns : multinationals and earth's environment -- Future issues in international business. | |
| 650 | 0 | _aInternational trade. | |
| 700 |
_aAjami, Riad A _91442 |
||
| 700 | 1 |
_aKhambata, Dara, _d1948- _tInternational business. |
|
| 856 | 4 | 1 |
_3Table of contents only _uhttp://www.loc.gov/catdir/toc/fy0704/2005037167.html |
| 906 |
_a7 _bcbc _corignew _d1 _eecip _f20 _gy-gencatlg |
||
| 942 |
_2ddc _cBK _h658.049 _iAJA/I _k658.049 _mAJA/I |
||